Những nguyên lý tiếp thị = Principles of marketing
שמור ב:
| מחבר ראשי: | |
|---|---|
| פורמט: | ספר |
| שפה: | Undetermined |
| יצא לאור: |
Hà Nội
Thống kê
2004
|
| נושאים: | |
| תגים: |
הוספת תג
אין תגיות, היה/י הראשונ/ה לתייג את הרשומה!
|
| Thư viện lưu trữ: | Trung tâm Học liệu Trường Đại học Cần Thơ |
|---|
| LEADER | 00661nam a2200217Ia 4500 | ||
|---|---|---|---|
| 001 | CTU_94546 | ||
| 008 | 210402s9999 xx 000 0 und d | ||
| 020 | |c 115000 | ||
| 082 | |a 658.8 | ||
| 082 | |b K87/T.1 | ||
| 100 | |a Kotler, Philip | ||
| 245 | 0 | |a Những nguyên lý tiếp thị = | |
| 245 | 0 | |b Principles of marketing | |
| 245 | 0 | |c Philip Kotler, Gary Armstrong ; Trần Văn Chánh, Nguyễn Văn Thanh dịch | |
| 260 | |a Hà Nội | ||
| 260 | |b Thống kê | ||
| 260 | |c 2004 | ||
| 650 | |a Managerial economics,Marketing | ||
| 650 | |x Management | ||
| 904 | |i Trúc | ||
| 980 | |a Trung tâm Học liệu Trường Đại học Cần Thơ | ||